India's National Library (Record no. 494981)

000 -LEADER
fixed length control field 00347cam a22001217a 4500
008 - FIXED-LENGTH DATA ELEMENTS--GENERAL INFORMATION
fixed length control field 180718b1961 xxu||||| |||| 00| 0 eng d
082 ## - DEWEY DECIMAL CLASSIFICATION NUMBER
Classification number P975x54 In2n
100 ## - MAIN ENTRY--PERSONAL NAME
Personal name Kesavan, B. S.
245 ## - TITLE STATEMENT
Title India's National Library
Statement of responsibility, etc. by B. S. Kesavan
260 ## - PUBLICATION, DISTRIBUTION, ETC.
Place of publication, distribution, etc. Calcutta
Name of publisher, distributor, etc. National Library
Date of publication, distribution, etc. 1961
300 ## - PHYSICAL DESCRIPTION
Extent 300p
700 ## - ADDED ENTRY--PERSONAL NAME
Personal name India. National Library Calcutta
Holdings
Withdrawn status Lost status Damaged status Not for loan Permanent Location Current Location Date acquired Full call number Barcode Date last seen Price effective from Koha item type
        Indian Institute of Public Administration Indian Institute of Public Administration 2018-08-04 P975x54 In2n G71 2018-08-04 2018-08-04 G

Powered by Koha